Statistics for Guess the kpop girl group/soloist song by their song

Click here to take the quiz!

General Stats

  • This quiz has been taken 510 times
  • The average score is 26 of 39

Answer Stats

sonsgroup% Correct
FANCYTWICE
98%
How you like thatBLACKPINK
95%
TOMBOY(G)I-DLE
95%
Hype BoyNewJeans
95%
Next Levelaespa
94%
WANNABEITZY
94%
PsychoRed Velvet
93%
LOVE DIVEIVE
92%
FEARLESSLe sserafim
91%
O.ONMIXX
88%
HIPMAMAMOO
87%
DUMB DUMBJEON SOMI
86%
La Vie en RoseIZ*ONE
83%
GeeGirls Generation
81%
WA DA DAKep1er
81%
DUN DUNEVERGLOW
78%
Hello BitchesCL
77%
I am the best2NE1
76%
Im Not CoolHyunA
74%
Bboom BboomMOMOLAND
74%
MAGOGfriend
70%
GingaMingaYoBillie
69%
Tell meWonder Girls
69%
GASHINASUNMI
66%
BOCADreamcatcher
63%
HELICOPTERCLC
60%
MASCARAXG
58%
CLASSYCLASS;y
56%
Gotta GoCHUNG HA
52%
ZombiePURPLE KISS
46%
DESSERTHYO
45%
DumhdurumApink
43%
GLASSYJO YURI
43%
DoorKWON EUNBI
39%
Love So SweetCherry Bullet
33%
WonderlandAlexA
29%
WingsPIXY
24%
GIRLSNATURE
17%
Bad Girlwoo!ah!
17%

Score Distribution

Percentile by Number Answered

Percent of People with Each Score

Your Score History

You have not taken this quiz